| 000 | 00694nam a2200229Ia 4500 | ||
|---|---|---|---|
| 005 | 20220621150654.0 | ||
| 008 | 210716s2011 xx 000 0 und d | ||
| 020 | _a9788125931393 | ||
| 040 | _cAIMIT LIBRARY | ||
| 041 | _aeng | ||
| 082 |
_a003 _23 _bKALS |
||
| 100 |
_aKalavathy, S. _944273 |
||
| 245 |
_aOperations research : _bwith c programs / _cBy S Kalavathy. |
||
| 250 | _a3rd ed. | ||
| 260 |
_aNew Delhi : _bVikas Publishing House Pvt Ltd , _c2011. |
||
| 300 | _axv,551p. ; | ||
| 650 |
_aLinear programming _944274 |
||
| 650 |
_aGoal programming _944275 |
||
| 650 |
_aInteger programming problems _944276 |
||
| 650 |
_aInventory control _944277 |
||
| 942 |
_2ddc _cBK _e3rd _k003 KALS |
||
| 999 |
_c192757 _d192757 |
||